000 01169nam0a22002891 4500
001 v19\rc\1679856
005 20061002145527.7
035 _a(NLR Aleph) 004785888
090 _a4691049
_c4691049
100 _a20061002d1895 |||y0rusy50 ca
101 0 _arus
102 _aRU
105 _aae z |||||
200 1 _aКраткое описание Метеорологической обсерватории Императорского Новороссийского университета в Одессе
_f[Соч.] А. Клоссовского
210 _aОдесса
_cтипо-лит. Л. Кирхнер
_d1895
215 _a[2], 27 с., 1 л. пл.
_cил.
_d32
700 1 _aКлоссовский
_bА. В.
_f1846-1917
_gАлександр Викентьевич
712 0 2 _aНовороссийский университет
_cОдесса
_bМетеорологическая обсерватория
801 0 _aRU
_bNLR
_gpsbo
801 0 _aRU
_bRuMoRGB
_2psbo
801 1 _aRU
_bProSoft-M
_2rusmarc
852 _aNLR
_j18.172.1.81
899 _aRuMoRGB
_jA 313/97
899 _aRuMoRGB
_jA 324/450
899 _aНБ МГУ
942 _cBOOK
980 _aNB